| 000 | 00385nam a2200145Ia 4500 | ||
|---|---|---|---|
| 008 | 211109s9999||||xx |||||||||||||| ||und|| | ||
| 082 |
_a894.8122 _bSKN-T |
||
| 100 | _aS K Nair, | ||
| 245 | 0 | _aTharangarangam | |
| 260 |
_bMangalodayam Press _aTrichur _c1958 |
||
| 300 | _a124p | ||
| 630 | _xGeneral Stack | ||
| 650 |
_aMalayalam Literature _vMalayalam Drama _xMalayalam |
||
| 942 | _cBOOK | ||
| 999 |
_c26862 _d26862 |
||